| 000 | 00741nam a22002537a 4500 | ||
|---|---|---|---|
| 001 | 14987 | ||
| 003 | BD-RjUL | ||
| 005 | 20211208235729.0 | ||
| 008 | 140209s20051999ii ||||| |||| 00| 0 eng d | ||
| 020 | _a8120312546 | ||
| 035 | _a(BD-RjUL)15041 | ||
| 040 |
_aBD-RjUL _beng _cBD-RjUL _dBD-RjUL |
||
| 041 | _aeng | ||
| 082 |
_a621.4832 _bCHC 2005 |
||
| 100 |
_aChaudhuri ,Parimal Pal . _946644 |
||
| 245 |
_aComputer organization and design / _bParimal Pal Chaudhuri |
||
| 260 |
_aNew Delhi : _bPrentice-Hall of India, _c2005. |
||
| 300 |
_axiii, 959 p. : _bill. ; _c25 cm. |
||
| 500 | _a"Eastern economy edition"--Cover. | ||
| 650 | _2Computers. | ||
| 651 | _2Computer organization. | ||
| 942 |
_2ddc _cBK |
||
| 999 |
_c14987 _d14987 |
||